| 000 | 00579nam a22002057a 4500 | ||
|---|---|---|---|
| 003 | Ost | ||
| 005 | 20250319192923.0 | ||
| 008 | 250319b |||||||| |||| 00| 0 eng d | ||
| 020 | _a9781118738979 | ||
| 040 | _cBT-PhCST | ||
| 050 | _a25228 | ||
| 082 |
_222 _a720.68 _bAIA |
||
| 100 | _aThe American Institute of Architects. | ||
| 245 | _aThe architecture student's handbook of professional practice / | ||
| 250 | _a15th ed. | ||
| 260 |
_aCanada, _bJohn Wiley & Sons, Inc., _cc2016 |
||
| 300 |
_aviii, 664 p. : _bill. ; _c28 cm. |
||
| 500 | _aIncludes index. | ||
| 942 |
_2ddc _cAE |
||
| 999 |
_c9931 _d9931 |
||